[Event "Pfarrkirchen Rottal op 2nd"]
[Site "Pfarrkirchen"]
[Date "2018.04.02"]
[Round "6"]
[White "Albin, Ernst Kofler"]
[Black "Decker, Werner"]
[Result "1/2-1/2"]
[WhiteElo "1001"]
[BlackElo "2258"]
[PlyCount "63"]
[EventDate "2018.03.30"]
[EventType "swiss"]
[EventRounds "7"]
[EventCountry "GER"]
[SourceTitle "CBM 183 Extra"]
[Source "ChessBase"]
[SourceDate "2018.04.19"]
[SourceVersion "1"]
[SourceVersionDate "2018.04.19"]
[SourceQuality "1"]

1. b3 e5 2. Bb2 Nc6 3. e3 d6 4. Nf3 Nf6 5. Be2 Be7 6. 0-0 0-0 7. c4 Bg4 8. h3 Bh5 9. d3 Qd7 10. Nc3 a6 11. Rc1 Rfe8 12. Nd5 Bd8 13. Qd2 e4 14. Nxf6+ Bxf6 15. dxe4 Bxf3 16. Bxf3 Bxb2 17. Qxb2 Ne5 18. Be2 Re6 19. f4 Rg6 20. fxe5 Qxh3 21. Bf3 Qg3 22. Rf2 Rh6 23. Kf1 dxe5 24. Ke2 Rd8 25. Qc2 Rhd6 26. Kf1 Rh6 27. Ke1 Rhd6 28. Rd1 Rxd1+ 29. Bxd1 Qxe3+ 30. Qe2 Qc3+ 31. Kf1 Qc1 32. Ke1 1/2-1/2

[Event "Pfarrkirchen Rottal op 2nd"]
[Site "Pfarrkirchen"]
[Date "2018.03.30"]
[Round "1"]
[White "Posch, Roland"]
[Black "Albin, Ernst Kofler"]
[Result "1-0"]
[WhiteElo "2106"]
[BlackElo "1001"]
[PlyCount "75"]
[EventDate "2018.03.30"]
[EventType "swiss"]
[EventRounds "7"]
[EventCountry "GER"]
[SourceTitle "CBM 183 Extra"]
[Source "ChessBase"]
[SourceDate "2018.04.19"]
[SourceVersion "1"]
[SourceVersionDate "2018.04.19"]
[SourceQuality "1"]

1. e4 b6 2. d4 Bb7 3. Bd3 Nf6 4. Qe2 Nc6 5. c3 e5 6. d5 Ne7 7. Nf3 Ng6 8. 0-0 Be7 9. g3 0-0 10. Nbd2 d6 11. Ba6 Bxa6 12. Qxa6 Qd7 13. Ne1 c6 14. dxc6 Qxc6 15. Qe2 Qd7 16. c4 h6 17. Nc2 Qh3 18. Ne3 Qe6 19. Nf5 Rfe8 20. b3 Bf8 21. Ba3 Rad8 22. Rfd1 d5 23. Bxf8 Kxf8 24. cxd5 Nxd5 25. Nxh6 gxh6 26. exd5 Rxd5 27. Ne4 Red8 28. Rxd5 Rxd5 29. Qf3 Rd4 30. Rc1 Kg7 31. Rc7 a5 32. Nc3 e4 33. Qe3 Qe5 34. Rc4 Rxc4 35. bxc4 f5 36. Nd5 Qa1+ 37. Kg2 Qxa2 38. Qd4+ 1-0